000 00637cam a2200205 4500500
005 20260405002340.0
041 _afre
042 _adc
245 0 0 _aLeçons sur la Genèse de la Pensée Dialectique. Schelling, Hölderlin, Hegel
260 _c2016.
500 _a16
690 _aFrançoise Dastur
690 _aHegel
690 _aHölderlin
690 _aMétaphysique
690 _aReligion
690 _aSchelling
786 0 _nPhilosophie magazine | 105 | 12-1 | 2016-12-01 | p. 67-67 | 1951-1787
856 4 1 _uhttps://shs.cairn.info/magazine-philosophie-magazine-2016-12-1-page-67?lang=fr&redirect-ssocas=7080
999 _c2056889
_d2056889